=LDR 00000nam 2200000 4500 =001 INLIS000000000010755 =005 20130612102355 =008 ***********************************Ind** =035 ##$$0010-061300000010755 =041 ##$$a Ind =082 ##$$a 448 =090 ##$$a 448, Lut e =100 ##$$a Luther, Hennon =245 ##$$a Cowersation Francaise de tous ks Jours, percakapan bahasa Prancis sehari-hari, oleh Hermon Luther =260 ##$$a 1993 $b Jakarta =300 ##$$a Viii, 168 hlm, 18 cm =650 ##$$a Bahasa Prancis =650 ##$$a Percakapan =850 ##$$a NBPNMAT